|
|
|
|
| LEADER |
00866nab a2200241 i 4500 |
| 001 |
publ12852 |
| 005 |
20200228102511.0 |
| 008 |
180131s2007 hu o 0|| zxx d |
| 022 |
|
|
|a 1359-5113
|
| 024 |
7 |
|
|a 10.1016/j.procbio.2007.01.014
|2 doi
|
| 024 |
7 |
|
|a 1915068
|2 mtmt
|
| 040 |
|
|
|a SZTE Publicatio Repozitórium
|b hun
|
| 041 |
|
|
|a zxx
|
| 100 |
2 |
|
|a Lehoczkiné Simon Mária
|
| 245 |
1 |
4 |
|a The Effects of Organic Solvent/water Mixtures on The Structure And Catalytic Activity of Porcine Pepsin
|h [elektronikus dokumentum] /
|c Lehoczkiné Simon Mária
|
| 260 |
|
|
|a Elsevier
|c 2007
|
| 300 |
|
|
|a 909-912
|
| 490 |
0 |
|
|a PROCESS BIOCHEMISTRY
|v 42 No. 5
|
| 700 |
0 |
1 |
|a Kotormán Márta
|e aut
|
| 700 |
0 |
1 |
|a Szabó András
|e aut
|
| 700 |
0 |
1 |
|a Nemcsók János
|e aut
|
| 700 |
0 |
1 |
|a Laczkó Ilona
|e aut
|
| 856 |
4 |
0 |
|u http://publicatio.bibl.u-szeged.hu/12852/1/1915068.pdf
|z Dokumentum-elérés
|